000 00291nam a2200109Ia 4500
008 171211s9999 xx 000 0 und d
245 _aEssential Manners for Couples
245 _cPeter Post
260 _c2006
650 _xTRAVEL
856 _uhttp://down.ebook777.com/016/978-0060776657.pdf
999 _c347719
_d347719